Concrete Technology Theory and Practice (Record no. 5412)

MARC details
000 -LEADER
fixed length control field 00383nam a2200157Ia 4500
003 - CONTROL NUMBER IDENTIFIER
control field OSt
008 - FIXED-LENGTH DATA ELEMENTS--GENERAL INFORMATION
fixed length control field 191201s2012 xx 000 0 und d
082 ## - DEWEY DECIMAL CLASSIFICATION NUMBER
Classification number 624.1834
Item number SHC
100 ## - MAIN ENTRY--PERSONAL NAME
Personal name SHETTY, MS
245 #0 - TITLE STATEMENT
Title Concrete Technology Theory and Practice
250 ## - EDITION STATEMENT
Edition statement Rep
260 ## - PUBLICATION, DISTRIBUTION, ETC. (IMPRINT)
Place of publication, distribution, etc N. delhi
Name of publisher, distributor, etc S Chand and Co. Ltd.
Date of publication, distribution, etc 2012
300 ## - PHYSICAL DESCRIPTION
Extent 624
650 ## - SUBJECT ADDED ENTRY--TOPICAL TERM
Topical term or geographic name as entry element B.Tech(CE)
942 ## - ADDED ENTRY ELEMENTS (KOHA)
Source of classification or shelving scheme Dewey Decimal Classification
Koha item type Text Books
942 ## - ADDED ENTRY ELEMENTS (KOHA)
-- 16
Holdings
Withdrawn status Lost status Source of classification or shelving scheme Damaged status Not for loan Collection code Home library Current library Date acquired Source of acquisition Cost, normal purchase price Bill Number Total Checkouts Full call number Acc. no. / Barcode Date last seen Date last borrowed Bill Date Koha item type Actual Cost, discounted price
    Dewey Decimal Classification     B.Tech(CE) PIET C-LIBRARY PIET C-LIBRARY 17/07/2012 IBH, New Delhi 450.00 5685 3 624.1834 SHC 20422 17/10/2022 20/09/2022 14/07/2012 Text Books  
    Dewey Decimal Classification     B.Tech(CE) PIET C-LIBRARY PIET C-LIBRARY 17/07/2012 IBH, New Delhi 450.00 5685 3 624.1834 SHC 20423 17/01/2024 15/01/2024 14/07/2012 Text Books  
    Dewey Decimal Classification     B.Tech(CE) PIET C-LIBRARY PIET C-LIBRARY 17/07/2012 IBH, New Delhi 450.00 5685   624.1834 SHC 20424 04/12/2019   14/07/2012 Text Books  
    Dewey Decimal Classification     B.Tech(CE) PIET C-LIBRARY PIET C-LIBRARY 17/07/2012 IBH, New Delhi 450.00 5685 1 624.1834 SHC 20425 23/12/2022 09/12/2022 14/07/2012 Text Books  
    Dewey Decimal Classification     B.Tech(CE) PIET C-LIBRARY PIET C-LIBRARY 17/07/2012 IBH, New Delhi 450.00 5685 2 624.1834 SHC 20426 23/12/2022 09/12/2022 14/07/2012 Text Books  
    Dewey Decimal Classification     B.Tech(CE) PIET C-LIBRARY PIET C-LIBRARY 19/03/2014 IBH, New Delhi 600.00 23283   624.1834 SHC 23938 04/12/2019   19/03/2014 Text Books 432.00
    Dewey Decimal Classification     B.Tech(CE) PIET C-LIBRARY PIET C-LIBRARY 19/03/2014 IBH, New Delhi 600.00 23283 6 624.1834 SHC 23939 11/01/2023 23/12/2022 19/03/2014 Text Books 432.00
    Dewey Decimal Classification     B.Tech(CE) PIET C-LIBRARY PIET C-LIBRARY 19/03/2014 IBH, New Delhi 600.00 23283 2 624.1834 SHC 23940 31/01/2023 28/01/2023 19/03/2014 Text Books 432.00
    Dewey Decimal Classification     B.Tech(CE) PIET C-LIBRARY PIET C-LIBRARY 19/03/2014 IBH, New Delhi 600.00 23283   624.1834 SHC 23941 04/12/2019   19/03/2014 Text Books 432.00
    Dewey Decimal Classification     B.Tech(CE) PIET C-LIBRARY PIET C-LIBRARY 19/03/2014 IBH, New Delhi 600.00 23283   624.1834 SHC 23942 04/12/2019   19/03/2014 Text Books 432.00

Design & Developed by: PIET Central Library
R70 Miles Stone Pattikalyana Samalkha Panipat 132102
mail ID :- [email protected], Phone No:- 0180-2569700 Ex.216